00436nam a2200157Ia 45000010006000000050017000060080041000230410008000640820017000721000027000892450109001162600009002253000028002346500008002626540008002701161820260306162841.0260306t2008||||xx |||||||||||||| ||spa|| aESP a985.404bB84 aBrown, Kendall W.eAUT 0aBorbones y aguardiente:bla reforma imperial en el sur peruano: arequipa en visperas de la independencia c2008 a320 páginas :c20 cm. aGEN aCHU